O eleito (Record no. 46163)

MARC details
000 -Etiqueta do registo
Valores 00566cam a2200193 4500
100 ## - Dados gerais de processamento
Dados gerais 19920513d1972 m y0pory50030103ba
101 1# - Língua de publicação
Língua por
102 ## - País de publicação
País PT
200 1# - Titulo e menção de responsabilidade
Título próprio O eleito
Primeira menção de responsabilidade Thomas Mann
Outras menções de responsabilidade trad. Maria Osswald
210 #9 - Publicação
Local de publicação [S.l.]
Nome do editor Publicacões Europa-América,
Data de publicação imp. 1972
215 ## - Descrição física 
Paginação / Volumes 173, [3] p.
Dimensões 18 cm
225 2# - Colecção 
Título próprio da colecção Livros de bolso Europa-América
Indicação de volume 27
675 ## - CDU
Notação 821.112.2-31"18/19"
Edição BN
Língua por
700 #1 - Autor principal
Apelido Mann,
Nome Thomas,
Datas 1875-1955
702 #1 - Autor secundário
Apelido Osswald,
Nome Maria Henriques,
Datas 1893-1988
Função 730
801 #0 - Fonte de origem
País PT
Agência BN
Regras de catalogação RPC
990 ## - Elementos KOHA
Tipo de documento Livro
Holdings
Aquisição Empréstimo Código de barras Cota Permissão de empréstimo Tipo de documento Nota relativa ao exemplar
Biblioteca Municipal de Redondo Biblioteca Municipal de Redondo 057261 821.112.2-3 MAN   Livro oferta de Franklim Amaro Cabreirinha

Powered by Koha